| 000 | 00850nam a2200229 a 4500 | ||
|---|---|---|---|
| 003 | 0 | ||
| 005 | 20250203103229.0 | ||
| 008 | 130724s19uu xx 00 eng d | ||
| 050 |
_aPHS P 91.5 _b.C227 2013 |
||
| 100 | _aCanonizado, Erika Anne M. | ||
| 245 |
_aThe relationship of social networking sites and social interaction of grade 11 students of SISC / _cErika Anne M. Canonizado. |
||
| 260 |
_aLas PiƱas City, Philippines : _bSouthville International School and Colleges, _c2013. |
||
| 300 |
_a26 p. : _bill. ; _c28 cm. |
||
| 504 | _aIncludes bibliographical references. | ||
| 650 |
_aAdolescents _vSocial networks. |
||
| 650 | _aSocial networks. | ||
| 650 |
_aSocial media _vPsychological aspects. |
||
| 650 | _aSocial interaction. | ||
| 650 | _aComputer-mediated communication. | ||
| 650 |
_aYouth _vSocial networks. |
||
| 942 |
_2lcc _cPASS |
||
| 999 |
_c98902 _d98902 |
||